| 000 | 00604nam a2200205 i 4500 | ||
|---|---|---|---|
| 001 | 133523 | ||
| 003 | ES-MaACL | ||
| 005 | 20230906194433.0 | ||
| 007 | t| | ||
| 008 | 070820q1990 fr ||||1| fre d | ||
| 080 | _a811.161.1(075.4) | ||
| 100 | 1 |
_aPogarieloff, N. _992723 |
|
| 245 | 1 | 0 |
_aApprenons le ruse _b: . Livre I / _cN. Pogarieloff. |
| 250 | _anouvelle ed. | ||
| 260 |
_aMeylan : _bN. Pogarieloff, _c[s. a.] |
||
| 300 |
_a112 p. : _bil. ; _c21 cm. |
||
| 500 | _aBiblioteca Jacinto Martínez Lacalle. | ||
| 650 | 1 | 4 |
_aLengua rusa- _vMétodos. _914320 |
| 852 |
_aES-MaACL _jE-11969 _bR.139862 |
||
| 999 |
_c133523 _d133523 |
||